Tiểu thuyết Nguyễn Công Hoan trước cách mạng tháng tám, nhìn từ đặc trưng thể loại

Tiểu thuyết Nguyễn Công Hoan trong văn học Việt Nam trước cách mạng tháng tám; Nhân vật và các thủ pháp xây dựng nhân vật trong tiểu thuyết Nguyễn Công Hoan trước cách mạng tháng tám; Ngôn ngữ, giọng điệu và kết cấu trong tiểu thuyết Nguyễn Công Hoan trước cách mạng tháng tám......

Disgrifiad llawn

Wedi'i Gadw mewn:
Manylion Llyfryddiaeth
Prif Awdur: Lê Quí H
Awduron Eraill: Nguyễn Thành T.S (Hướng dẫn)
Fformat: Llyfr
Cyhoeddwyd: Đà Nẵng Đại học Đà Nẵng 2012
Pynciau:
Tagiau: Ychwanegu Tag
Dim Tagiau, Byddwch y cyntaf i dagio'r cofnod hwn!
Thư viện lưu trữ: Mạng thư viện Đại học Đà Nẵng
LEADER 01857nam a2200325 4500
001 000017742
003 14168
005 20130830160831.0
008 130522s2012 sd
082 |a 895.922332  |b LÊ-H 
100 |a Lê Quí Hà 
245 |a Tiểu thuyết Nguyễn Công Hoan trước cách mạng tháng tám, nhìn từ đặc trưng thể loại  |c Lê Quí Hà ; Nguyễn Thành hướng dẫn.  |k Luận văn Thạc sĩ 
260 |a Đà Nẵng  |b Đại học Đà Nẵng  |c 2012 
300 |a 88 tr.  |c 29 cm.  |e Đĩa CD, tài liệu tóm tắt 
500 |a Luận văn thạc sĩ Khoa học xã hội và nhân văn. Chuyên ngành : Văn học Việt Nam. Mã số: 60.22.34. 
520 |a Tiểu thuyết Nguyễn Công Hoan trong văn học Việt Nam trước cách mạng tháng tám; Nhân vật và các thủ pháp xây dựng nhân vật trong tiểu thuyết Nguyễn Công Hoan trước cách mạng tháng tám; Ngôn ngữ, giọng điệu và kết cấu trong tiểu thuyết Nguyễn Công Hoan trước cách mạng tháng tám... 
600 1 4 |a Nguyễn Công Hoan  |d 1903 - 1977 
650 0 4 |a Tiểu thuyết Việt Nam  |v Luận văn tốt nghiệp  |x Nghiên cứu  |y Trước cách mạng tháng 8 
653 |a Tiểu thuyết Việt Nam  |a Nguyễn Công Hoan  |a Văn học Việt Nam 
700 |a Nguyễn Thành  |c T.S  |e Hướng dẫn 
OWN |a LSP 
AVA |a UDN50  |b LSP  |d 895.922332 LÊ-H  |e available  |t Error 5001 Not defined in file expand_doc_bib_avail.  |f 1  |g 0  |h N  |i 0  |k 1 
999 |a From the UDN01 
AVA |a UDN50  |b LSP  |d 895.922332 LÊ-H  |e available  |t Error 5001 Not defined in file expand_doc_bib_avail.  |f 1  |g 0  |h N  |i 0  |k 1 
TYP |a Monograph 
TYP |a Printed language 
980 |a Mạng thư viện Đại học Đà Nẵng